[Event "24th Open"]
[Site "Pula CRO"]
[Date "2010.06.22"]
[Round "5"]
[White "Kuljasevic,D"]
[Black "Zelcic,R"]
[Result "1/2-1/2"]
[WhiteElo "2539"]
[BlackElo "2538"]
[EventDate "2010.06.19"]

1. d4 Nf6 2. c4 e6 3. Nc3 Bb4 4. e3 O-O 5. Bd3 d5 6. Nf3 c5 7. O-O dxc4 8.
Bxc4 Nbd7 9. Qe2 cxd4 10. exd4 Nb6 11. Bd3 Bd7 12. Rd1 Rc8 13. Ne4 Bc6 14.
Nxf6+ Qxf6 15. Ne5 Qh4 16. g3 Qe7 17. h4 Bd5 18. Bg5 f6 19. Ng6 hxg6 20.
Bxg6 Be4 21. Bxe4 fxg5 22. Qh5 g6 23. Qxg6+ Qg7 24. Qxe6+ Qf7 25. Qxf7+
Rxf7 26. hxg5 Re7 27. f3 Rd8 28. a3 Bd6 29. Kf2 Nc8 30. Rac1 Bb8 31. Re1 a5
32. Bd5+ Kf8 33. Rxe7 Nxe7 34. Bxb7 Ba7 35. Kg2 Bxd4 36. b4 a4 37. b5 Bb2
38. Rc4 Rd4 39. Rxd4 Bxd4 40. b6 Bxb6 41. Be4 Bc5 42. Bc2 Bxa3 43. Bxa4
1/2-1/2

[Event "24th Open"]
[Site "Pula CRO"]
[Date "2010.06.22"]
[Round "5"]
[White "Felgaer,R"]
[Black "Fodor,T jr"]
[Result "1/2-1/2"]
[WhiteElo "2585"]
[BlackElo "2420"]
[EventDate "2010.06.19"]

1. e4 e5 2. Nf3 Nc6 3. Bb5 Nf6 4. d3 Bc5 5. c3 O-O 6. O-O d6 7. Nbd2 Bb6 8.
h3 Ne7 9. d4 Ng6 10. Re1 c6 11. Bf1 Be6 12. b3 exd4 13. Nxd4 Re8 14. Bb2 d5
15. Nxe6 Rxe6 16. exd5 Qxd5 17. Nc4 Rxe1 18. Qxe1 Bc7 19. Rd1 Qf5 20. Bd3
Qg5 21. Bxg6 hxg6 22. Qe2 Re8 1/2-1/2

[Event "24th Open"]
[Site "Pula CRO"]
[Date "2010.06.22"]
[Round "5"]
[White "Predojevic,B"]
[Black "Shalnev,N"]
[Result "1-0"]
[WhiteElo "2628"]
[BlackElo "2450"]
[EventDate "2010.06.19"]

1. e4 c5 2. Nf3 d6 3. d4 cxd4 4. Nxd4 Nf6 5. Nc3 a6 6. Be3 e5 7. Nf3 Qc7 8.
a4 b6 9. Nd5 Nxd5 10. Qxd5 Bb7 11. Qb3 Bxe4 12. Bc4 h6 13. Bxb6 Qb7 14.
O-O-O Nc6 15. Rhe1 Bg6 16. Nh4 Bh7 17. f4 Rb8 18. a5 g5 19. fxe5 Nxe5 20.
Rxe5+ dxe5 21. Bxf7+ Qxf7 22. Qa4+ Ke7 23. Qd7+ Kf6 24. Rf1+ 1-0

[Event "24th Open"]
[Site "Pula CRO"]
[Date "2010.06.22"]
[Round "5"]
[White "Saric,Iv"]
[Black "Stokke,K"]
[Result "1-0"]
[WhiteElo "2580"]
[BlackElo "2399"]
[EventDate "2010.06.19"]

1. e4 g6 2. d4 Bg7 3. Nc3 d5 4. exd5 Nf6 5. Bc4 Nbd7 6. Bg5 O-O 7. Nge2 Nb6
8. Bxf6 exf6 9. Bb3 a5 10. a4 c6 11. dxc6 bxc6 12. O-O Ba6 13. Qd2 f5 14.
Rfd1 Ra7 15. Nf4 Qd6 16. Qe3 Re7 17. Qf3 Rfe8 18. h4 Nc4 19. Bxc4 Bxc4 20.
d5 Bxc3 21. Qxc3 Qxf4 22. g3 Qg4 23. d6 Rd7 24. Rd4 Re4 25. Rxe4 fxe4 26.
Qxc4 Rxd6 27. Re1 Rd1 28. Qc3 Qe2 29. Rxd1 Qxd1+ 30. Kh2 Qe2 31. Kg2 Qa6
32. Qd4 f5 33. Qd8+ Kg7 34. Qe7+ Kg8 35. b3 h5 36. Qf6 Kh7 37. Qf7+ Kh6 38.
Qg8 1-0

[Event "24th Open"]
[Site "Pula CRO"]
[Date "2010.06.22"]
[Round "5"]
[White "Doric,D"]
[Black "Cvitan,O"]
[Result "1/2-1/2"]
[WhiteElo "2452"]
[BlackElo "2521"]
[EventDate "2010.06.19"]

1. d4 Nf6 2. c4 e6 3. Nf3 Bb4+ 4. Bd2 Qe7 5. g3 Nc6 6. Nc3 Bxc3 7. Bxc3 Ne4
8. Rc1 O-O 9. Bg2 d6 10. d5 Nd8 11. dxe6 Nxe6 12. O-O Bd7 13. b3 Bc6 14.
Bb2 f5 15. e3 N4g5 1/2-1/2

[Event "24th Open"]
[Site "Pula CRO"]
[Date "2010.06.22"]
[Round "5"]
[White "Jovanic,O"]
[Black "Feletar,D"]
[Result "1-0"]
[WhiteElo "2530"]
[BlackElo "2390"]
[EventDate "2010.06.19"]

1. d4 Nf6 2. c4 e6 3. Nc3 d5 4. cxd5 Nxd5 5. e4 Nxc3 6. bxc3 c5 7. a3 Nc6
8. Nf3 Be7 9. Bc4 O-O 10. O-O b6 11. Be3 Qc7 12. Qe2 Na5 13. Bd3 Bb7 14. h4
Rac8 15. h5 h6 16. Nh2 f5 17. exf5 exf5 18. Rad1 Bd6 19. Nf3 Rce8 20. Nh4
Be4 21. dxc5 Bxc5 22. Qa2+ Kh7 23. Ng6 Rf6 24. Bxe4 fxe4 25. Qd5 Nb7 26.
Qd7 Rc8 27. Bxc5 Nxc5 28. Qxc7 Rxc7 29. Rd8 Rxg6 30. hxg6+ Kxg6 31. Re1 Kf7
32. Re3 Ke7 33. Rd4 Kf7 34. Kf1 Rc6 35. f3 exf3 36. Rxf3+ Kg8 37. Rd8+ Kh7
38. Rf7 a5 39. Rd4 Ne6 40. Rd3 Nc5 41. Rg3 Ne6 42. Rd7 Ng5 43. Re3 Kg6 44.
Ke2 Ne6 45. Kd2 Kf6 46. Kc2 g6 47. Red3 Ke5 48. R7d5+ Kf6 49. Rd6 Rc5 50.
Re3 Re5 51. Rxe5 Kxe5 52. Rxb6 h5 53. g3 a4 54. Kd3 Kf5 55. Ke3 Nc7 56. Kf3
Nd5 57. Rb5 Ke6 58. c4 Nf6 59. Rg5 Kf7 60. Ra5 Ke6 61. Kf4 1-0

[Event "24th Open"]
[Site "Pula CRO"]
[Date "2010.06.22"]
[Round "5"]
[White "Fercec,N"]
[Black "Bukal,V jr"]
[Result "1-0"]
[WhiteElo "2492"]
[BlackElo "2388"]
[EventDate "2010.06.19"]

1. e4 d6 2. d4 g6 3. Nc3 a6 4. Bg5 b5 5. Qd2 Bb7 6. f4 Nd7 7. Nf3 Bg7 8.
O-O-O Ngf6 9. e5 b4 10. Ne2 Nd5 11. Ng3 c5 12. dxc5 dxc5 13. Bc4 N7b6 14.
Qe2 Qc7 15. f5 O-O 16. fxg6 fxg6 17. h4 Rxf3 18. Bxd5+ Bxd5 19. gxf3 Bxe5
20. Ne4 Bxa2 21. f4 Bg7 22. Nd2 Bd5 23. h5 Qc6 24. hxg6 hxg6 25. Rh3 Qa4
26. Nb3 Bxb2+ 27. Kxb2 Qa3+ 28. Kb1 Nc4 29. Qxc4 Bxc4 30. Rdh1 Bd5 31. Rh8+
Kf7 32. R1h7+ Ke6 33. Rxe7+ Kf5 34. Re5+ Kg4 35. Rh4+ Kg3 36. Rxd5 c4 37.
Ra5 cxb3 38. Rxa3 bxa3 39. cxb3 Rb8 40. Ka2 Rb5 41. Rh6 1-0

[Event "24th Open"]
[Site "Pula CRO"]
[Date "2010.06.22"]
[Round "5"]
[White "Valenti,G"]
[Black "Saric,A"]
[Result "0-1"]
[WhiteElo "2128"]
[BlackElo "2489"]
[EventDate "2010.06.19"]

1. e4 c5 2. Nf3 a6 3. Nc3 e6 4. d4 b5 5. dxc5 Bxc5 6. Bd3 d6 7. O-O Nc6 8.
a4 b4 9. Nb1 Nge7 10. c3 O-O 11. cxb4 Nxb4 12. Bc4 Bb7 13. Nc3 Rc8 14. Bb3
Nec6 15. Bg5 Qb6 16. Qe2 Na5 17. Bd1 d5 18. Ne5 Qc7 19. Nd3 Nxd3 20. Qxd3
Qe5 21. Bc1 dxe4 22. Qh3 Bd4 23. Ra3 Nc4 24. Rb3 Bd5 25. Nxd5 exd5 26. Rg3
Bxb2 27. Bh6 Qe6 28. Bg4 f5 0-1

[Event "24th Open"]
[Site "Pula CRO"]
[Date "2010.06.22"]
[Round "5"]
[White "Hamitevici,V"]
[Black "Hess,C1"]
[Result "1/2-1/2"]
[WhiteElo "2421"]
[BlackElo "2303"]
[EventDate "2010.06.19"]

1. d4 d5 2. c4 c6 3. Nf3 Nf6 4. e3 a6 5. Bd3 Bg4 6. O-O Nbd7 7. Nbd2 e6 8.
h3 Bh5 9. Qc2 Bd6 10. Re1 O-O 11. Ng5 h6 12. Ngf3 Bxf3 13. Nxf3 e5 14. cxd5
cxd5 15. dxe5 Nxe5 16. Be2 Rc8 17. Qb3 Ned7 18. Qd1 Re8 19. Bd2 Ne4 20. Rc1
Qb6 21. Rxc8 Rxc8 22. Bc1 Ndf6 23. Bd3 Nc5 24. Bc2 Bb8 25. Re2 Nce4 26. Bd3
Qd6 27. Rc2 Rxc2 28. Qxc2 Nc5 29. Bf1 Nfe4 30. g3 Qd7 31. Bg2 Qb5 32. Bf1
Qd7 33. Qd1 Qd6 34. Bg2 Ba7 35. Nd4 Qf6 36. Nf3 Qd6 37. Qc2 Qb6 38. b3 Qb5
39. Bf1 Qd7 40. Bb2 Qf5 41. Nd4 Qg5 42. h4 Qg6 43. b4 Ne6 44. Ne2 Qf5 45.
Qc8+ Kh7 46. Nf4 Nxg3 47. Nxe6 fxe6 48. Qxb7 Qg4 49. fxg3 Qxg3+ 50. Kh1
Qxh4+ 51. Kg2 Qe4+ 52. Kh2 Qh4+ 53. Kg2 Qe4+ 54. Kh2 Qh4+ 1/2-1/2

[Event "24th Open"]
[Site "Pula CRO"]
[Date "2010.06.22"]
[Round "5"]
[White "Aschenbrenner,R"]
[Black "Kovacevic,Bl"]
[Result "1/2-1/2"]
[WhiteElo "2223"]
[BlackElo "2471"]
[EventDate "2010.06.19"]

1. e4 e6 2. b3 b6 3. Bb2 Bb7 4. d3 c5 5. Nd2 Nc6 6. g3 d5 7. Bg2 d4 8. f4
Nf6 9. h3 e5 10. Ne2 Be7 11. Nf3 Nd7 12. O-O exf4 13. Nxf4 O-O 14. h4 Bd6
15. Bc1 Nde5 16. Nxe5 Bxe5 17. Bh3 Qd6 18. Bd2 Ne7 19. Qe2 f5 20. Rae1 fxe4
21. dxe4 Ng6 22. Be6+ Kh8 23. Nxg6+ hxg6 24. Qg4 Bc8 25. Rxf8+ Qxf8 26.
Qxg6 Bxe6 27. Qh5+ Kg8 28. Qxe5 Re8 29. Qf4 Qe7 30. Qg5 Qxg5 31. Bxg5 Bf5
32. e5 Kf7 33. Re2 Ke6 34. Bf4 b5 35. Rd2 b4 36. h5 Kd5 37. Rh2 Re6 38. Kf1
Ra6 39. Ke1 Re6 40. Kd2 a5 41. h6 gxh6 42. Rxh6 Rxh6 43. Bxh6 Bd7 44. Bf8
c4 1/2-1/2

[Event "24th Open"]
[Site "Pula CRO"]
[Date "2010.06.22"]
[Round "5"]
[White "Rukavina,J"]
[Black "Frindt,K"]
[Result "1-0"]
[WhiteElo "2397"]
[BlackElo "2216"]
[EventDate "2010.06.19"]

1. d4 g6 2. e4 Bg7 3. c3 d6 4. Nf3 Nc6 5. Bg5 Nf6 6. Nbd2 h6 7. Bh4 g5 8.
Bg3 Nh5 9. Bc4 Nxg3 10. hxg3 e6 11. Qe2 Bd7 12. d5 exd5 13. exd5+ Ne5 14.
Nxe5 dxe5 15. g4 Qe7 16. Ne4 O-O-O 17. O-O-O Rhf8 18. Bb5 Bxb5 19. Qxb5 Qd7
20. Qb4 Qxg4 21. Nd6+ 1-0

[Event "24th Open"]
[Site "Pula CRO"]
[Date "2010.06.22"]
[Round "5"]
[White "Franic,M"]
[Black "Nordenbaek,J"]
[Result "0-1"]
[WhiteElo "2390"]
[BlackElo "2215"]
[EventDate "2010.06.19"]

1. d4 Nf6 2. c4 g6 3. Nc3 Bg7 4. e4 d6 5. Be2 O-O 6. Bg5 Na6 7. Nf3 h6 8.
Bf4 Nh5 9. Be3 e5 10. Qc1 Kh7 11. g3 Qe8 12. d5 c6 13. Nh4 Nf6 14. f3 Qe7
15. O-O Bh3 16. Ng2 Rfc8 17. Qd2 Nc7 18. Rfd1 c5 19. a3 Nce8 20. Ne1 Nd7
21. Nd3 Nb6 22. Nf2 Bd7 23. Bd3 Nf6 24. Rf1 Ng8 25. Rae1 h5 26. f4 exf4 27.
gxf4 Qh4 28. Kh1 Nh6 29. Rg1 Ng4 30. Nxg4 Bxg4 31. Ref1 Nd7 32. e5 dxe5 33.
f5 e4 34. Bg5 Qh3 35. Bxe4 Ne5 36. Bg2 Qd3 37. Qxd3 Nxd3 38. Ne4 Bd4 39.
fxg6+ Kxg6 40. h3 f5 41. hxg4 hxg4 42. Kh2 Be5+ 0-1

[Event "24th Open"]
[Site "Pula CRO"]
[Date "2010.06.22"]
[Round "5"]
[White "Biti,O"]
[Black "Bajramovic,H"]
[Result "1-0"]
[WhiteElo "2376"]
[BlackElo "2211"]
[EventDate "2010.06.19"]

1. e4 c5 2. Nc3 Nc6 3. Bb5 e6 4. Bxc6 bxc6 5. d3 d6 6. f4 g6 7. Nf3 Bg7 8.
O-O Ne7 9. Qe1 Ba6 10. b3 Qa5 11. Bd2 Qc7 12. e5 d5 13. Na4 c4 14. Nc5 cxd3
15. cxd3 Bc8 16. Ba5 Qb8 17. Rc1 h5 18. Nd4 Bd7 19. Na6 Qb7 20. Nc7+ Kf8
21. Nxa8 Qxa8 22. Bb4 Ke8 23. Qh4 Bf8 24. Bd6 Nc8 25. Bxf8 Rxf8 26. Qe1 Qb7
27. Qa5 Ne7 28. Rc5 Rg8 29. Qd2 Qb6 30. Rfc1 Bc8 31. Kf1 Bb7 32. a4 Kd7 33.
a5 Qa6 34. b4 Rc8 35. Qc3 Kd8 36. b5 cxb5 37. Rxc8+ Nxc8 38. Qc7+ Ke8 39.
Nc6 1-0

[Event "24th Open"]
[Site "Pula CRO"]
[Date "2010.06.22"]
[Round "5"]
[White "Pfaffel,T"]
[Black "Bellia,F"]
[Result "1/2-1/2"]
[WhiteElo "2189"]
[BlackElo "2373"]
[EventDate "2010.06.19"]

1. e4 e5 2. Nf3 Nc6 3. d4 exd4 4. Nxd4 Bc5 5. Nxc6 Qf6 6. Qd2 dxc6 7. Nc3
Be6 8. Na4 Bd6 9. Bd3 Nh6 10. h3 O-O-O 11. Qe3 Rhe8 12. Qxa7 Bb4+ 13. Kf1
Qd4 14. Qxd4 Rxd4 15. Be3 Rdd8 16. g4 f6 17. Nc5 Bxc5 18. Bxc5 Nf7 19. b4
Ne5 20. Be2 g5 21. Be3 Bf7 22. f3 h5 23. gxh5 Bxh5 24. Kf2 Rh8 25. Rad1
Rxd1 26. Rxd1 Bf7 27. Bf1 Be6 28. Kg3 Ng6 29. Rd2 b6 30. c4 Rh4 31. a4 Nf4
32. Bxf4 Rxf4 33. a5 bxa5 34. Ra2 f5 35. Bg2 fxe4 36. fxe4 Rf7 37. Rxa5 Rg7
38. Bf3 Rh7 39. Bg2 Rg7 40. e5 Rd7 41. Bxc6 Rd3+ 42. Kg2 Kd8 43. Ra8+ Ke7
44. Rb8 Bxh3+ 45. Kh2 Bf5 46. Bd5 Be6 47. Rb5 Re3 48. Rc5 Bxd5 49. cxd5
Rxe5 50. Rxc7+ Ke8 51. d6 Rb5 52. Rg7 1/2-1/2

[Event "24th Open"]
[Site "Pula CRO"]
[Date "2010.06.22"]
[Round "5"]
[White "Balazs,G2"]
[Black "Nannelli,P"]
[Result "1/2-1/2"]
[WhiteElo "2352"]
[BlackElo "2207"]
[EventDate "2010.06.19"]

1. d4 Nf6 2. c4 e6 3. Nc3 Bb4 4. Qc2 O-O 5. a3 Bxc3+ 6. Qxc3 b6 7. Bg5 Ba6
8. e3 d6 9. Bd3 Nbd7 10. Ne2 h6 11. Bh4 c5 12. O-O cxd4 13. Nxd4 Rc8 14. b3
d5 15. Qb4 1/2-1/2

[Event "24th Open"]
[Site "Pula CRO"]
[Date "2010.06.22"]
[Round "5"]
[White "Molnar,Be"]
[Black "Raguz,Dari"]
[Result "1-0"]
[WhiteElo "2340"]
[BlackElo "2186"]
[EventDate "2010.06.19"]

1. e4 c5 2. Nf3 d6 3. d4 cxd4 4. Nxd4 Nf6 5. Nc3 a6 6. Bg5 e6 7. Qd3 Nbd7
8. f4 Qc7 9. O-O-O Be7 10. Be2 b5 11. Bxf6 Nxf6 12. e5 dxe5 13. fxe5 Nd7
14. Nc6 Bg5+ 15. Kb1 Bb7 16. Ne4 Bxc6 17. Nxg5 h6 18. Nxf7 Kxf7 19. Rhf1+
Ke7 20. Qa3+ 1-0

[Event "24th Open"]
[Site "Pula CRO"]
[Date "2010.06.22"]
[Round "5"]
[White "Kljako,D"]
[Black "Sandhu,M"]
[Result "1/2-1/2"]
[WhiteElo "2183"]
[BlackElo "2324"]
[EventDate "2010.06.19"]

1. d4 Nf6 2. c4 e6 3. Nf3 b6 4. g3 Ba6 5. b3 Bb4+ 6. Bd2 Be7 7. Nc3 Bb7 8.
Bg2 Ne4 9. Nxe4 Bxe4 10. O-O O-O 11. Bc3 d5 12. Nd2 Bxg2 13. Kxg2 dxc4 14.
Nxc4 Qd5+ 15. f3 Rd8 16. Qc2 1/2-1/2

[Event "24th Open"]
[Site "Pula CRO"]
[Date "2010.06.22"]
[Round "5"]
[White "Myhrvold,R"]
[Black "Doric,N"]
[Result "0-1"]
[WhiteElo "2152"]
[BlackElo "2320"]
[EventDate "2010.06.19"]

1. e4 e5 2. Nf3 Nc6 3. Bb5 a6 4. Ba4 Nf6 5. d4 exd4 6. O-O Be7 7. Re1 b5 8.
Bb3 d6 9. Bd5 Nxd5 10. exd5 Ne5 11. Nxd4 O-O 12. Nc3 Bd7 13. a4 b4 14. Ne4
Re8 15. f4 Ng4 16. Bd2 Qb8 17. Qf3 Qb6 18. c3 Nf6 19. a5 Qa7 20. Nf2 Qc5
21. Nc6 Bxc6 22. dxc6 bxc3 23. Bxc3 d5 24. Rac1 Qxc6 25. Be5 Qb5 26. Rxc7
Qxa5 27. Rec1 Bd6 28. b4 Qxb4 29. R7c6 Bxe5 30. fxe5 Rxe5 31. Nd3 Qd4+ 32.
Kf1 Re3 33. Rc8+ Rxc8 34. Rxc8+ Ne8 35. Qd1 Kf8 36. Nf2 Qxd1+ 37. Nxd1 Re6
38. Nc3 Rd6 39. Ke2 Ke7 40. Kd3 Kd7 41. Rc5 Nc7 42. Na4 Rc6 43. Ra5 Nb5 44.
Rxa6 Rxa6 45. Nc5+ Kd6 46. Nxa6 f5 47. Nb4 Na7 48. Nc2 Nc6 49. Ne1 g5 50.
Ke2 d4 51. Nf3 h6 52. g3 Kd5 53. h4 g4 54. Nd2 Ne5 55. Kf2 Nc4 56. Nb3 d3
57. Ke1 Ke4 58. Kf2 h5 59. Nc5+ Kd4 60. Ne6+ Kc3 61. Nf4 Kc2 62. Nd5 d2 63.
Nb4+ Kb3 0-1

[Event "24th Open"]
[Site "Pula CRO"]
[Date "2010.06.22"]
[Round "5"]
[White "Djurovic,G"]
[Black "Kolesar,Mil"]
[Result "1-0"]
[WhiteElo "2318"]
[BlackElo "2173"]
[EventDate "2010.06.19"]

1. c4 c6 2. Nf3 Nf6 3. d4 d5 4. e3 a6 5. Nc3 b5 6. c5 Bg4 7. Qb3 Bxf3 8.
gxf3 Nbd7 9. a4 e5 10. Qa3 exd4 11. exd4 Rc8 12. Be3 Be7 13. Na2 O-O 14.
Nb4 a5 15. Nxc6 Rxc6 16. axb5 Rc8 17. Qxa5 Nxc5 18. Qxd8 Rcxd8 19. dxc5 d4
20. Bd2 Bxc5 21. Bd3 Rfe8+ 22. Kd1 Nd5 23. Kc2 Nb4+ 24. Bxb4 Bxb4 25. Kb3
Bd2 26. Ra7 Rd6 27. Ra6 Rd7 28. Rha1 Bf4 29. h3 g6 30. Kc4 Kg7 31. Rc6 Rb8
32. b6 Bg5 33. Ra6 Bf6 34. b4 h5 35. Ra7 Rxb6 36. Rxf6 Rxb4+ 37. Kxb4 Rxa7
38. Rf4 Rb7+ 39. Ka3 Rd7 40. Kb3 Rb7+ 41. Kc2 Rb4 42. Re4 f5 43. Re6 Ra4
44. Ra6 Rb4 45. Rd6 Ra4 46. Kb3 Ra1 47. Rxd4 Rh1 48. h4 Rh2 49. Bb5 Rxf2
50. Bc6 Rh2 51. Kc4 Kf6 52. Kd5 Rh3 53. Kc5 Ke5 54. f4+ Kf6 55. Rd6+ Ke7
56. Rd7+ Kf8 57. Kd6 Rxh4 58. Ke5 Kg8 59. Bd5+ Kh8 60. Kf6 Rg4 1-0

[Event "24th Open"]
[Site "Pula CRO"]
[Date "2010.06.22"]
[Round "5"]
[White "Medancic,R"]
[Black "Kopinits,A"]
[Result "0-1"]
[WhiteElo "2305"]
[BlackElo "2158"]
[EventDate "2010.06.19"]

1. d4 Nf6 2. Bg5 e6 3. Nd2 h6 4. Bh4 c5 5. e3 b6 6. Ngf3 Bb7 7. Bd3 Be7 8.
c3 g5 9. Bg3 g4 10. Ne5 h5 11. Qc2 d6 12. Qa4+ Kf8 13. Nec4 Bxg2 14. Rg1
Bc6 15. Qc2 b5 16. Na3 Qb6 17. Bh4 Nbd7 18. e4 a6 19. f4 cxd4 20. cxd4 Rc8
21. Bf2 Qb7 22. Rc1 Kg7 23. e5 Nd5 24. f5 Nb4 25. Qb1 Nxd3+ 26. Qxd3 Be4
27. Nxe4 Rxc1+ 28. Ke2 Rxg1 29. Bxg1 exf5 30. Ng3 Qf3+ 31. Qxf3 gxf3+ 32.
Kxf3 dxe5 33. Nxf5+ Kf6 34. Ke4 Rg8 0-1

[Event "24th Open"]
[Site "Pula CRO"]
[Date "2010.06.22"]
[Round "5"]
[White "Fahrner,K"]
[Black "Exler,V"]
[Result "1-0"]
[WhiteElo "2302"]
[BlackElo "2119"]
[EventDate "2010.06.19"]

1. g3 g6 2. Bg2 Bg7 3. d3 d5 4. Nd2 e5 5. c4 d4 6. Ngf3 Ne7 7. O-O O-O 8.
a3 a5 9. b3 Na6 10. Ne1 Nc5 11. Ne4 Nxe4 12. Bxe4 Bh3 13. Bg2 Bxg2 14. Kxg2
f5 15. Nc2 Nc6 16. b4 axb4 17. axb4 Rxa1 18. Nxa1 Qa8 19. Bd2 b5 20. cxb5
Nxb4+ 21. Kg1 Nd5 22. Qb3 Kh8 23. Nc2 Rb8 24. Qc4 Bf8 25. f4 Qb7 26. Rb1
Nb6 27. Qe6 Qd5 28. Qxe5+ Qxe5 29. fxe5 Rd8 30. Kf1 Bg7 31. Bg5 Rd5 32. Bf6
Bxf6 33. exf6 Nd7 34. Rb4 Nxf6 35. Nxd4 Ng4 36. h3 Ne3+ 37. Kf2 Nd1+ 38.
Ke1 Ne3 39. Kf2 Nd1+ 40. Kf3 Re5 41. Rc4 Re3+ 42. Kf4 h6 43. Rc1 g5+ 44.
Kxf5 Nf2 45. Rxc7 Nxh3 46. b6 1-0

[Event "24th Open"]
[Site "Pula CRO"]
[Date "2010.06.22"]
[Round "5"]
[White "Novkovic,J"]
[Black "Dimitrijevic,Da"]
[Result "1-0"]
[WhiteElo "2146"]
[BlackElo "2299"]
[EventDate "2010.06.19"]

1. e4 c5 2. Nf3 e6 3. d4 cxd4 4. Nxd4 Nf6 5. Nc3 Bb4 6. e5 Nd5 7. Bd2 Nxc3
8. bxc3 Ba5 9. Bd3 Qc7 10. O-O a6 11. Qg4 Kf8 12. Qg5 Nc6 13. Nxc6 dxc6 14.
Rfe1 h6 15. Qh4 Bd7 16. Re4 Be8 17. Rae1 Rd8 18. Rg4 Rd5 19. Qg3 g6 20. Qf4
Kg8 21. Bc4 Rd7 22. Bd3 b5 23. Re3 Rd5 24. Rf3 Qe7 25. Be4 Rc5 26. Rh3 h5
27. Rg5 Bd8 28. Rhg3 Qc7 29. Qf3 Bxg5 30. Bxg5 Qxe5 31. Bf6 Qc7 32. h4 Qd6
33. Bd4 e5 34. Bxc5 Qxc5 35. Qf6 Rh7 36. Rg5 Rh8 37. Rxe5 Qf8 38. Qd8 Kg7
39. Re7 a5 40. Qd4+ Kh7 41. Qe5 Qh6 42. f4 Qf8 43. f5 Kh6 44. fxg6 1-0

[Event "24th Open"]
[Site "Pula CRO"]
[Date "2010.06.22"]
[Round "5"]
[White "Plenca,J"]
[Black "Pejic,Ir"]
[Result "1-0"]
[WhiteElo "2286"]
[BlackElo "2116"]
[EventDate "2010.06.19"]

1. e4 c6 2. d4 d5 3. exd5 cxd5 4. c4 Nf6 5. Nc3 Nc6 6. cxd5 Nxd5 7. Nf3 Bg4
8. Qb3 Bxf3 9. gxf3 e6 10. Qxb7 Nxd4 11. Bb5+ Nxb5 12. Qc6+ Ke7 13. Qxb5
Qd7 14. Nxd5+ Qxd5 15. Qxd5 exd5 16. Be3 Ke6 17. O-O-O Bb4 18. a3 Rhc8+ 19.
Kb1 Bc5 20. Rhe1 Bxe3 21. Rxe3+ Kd6 22. b4 Re8 23. Kc2 Re5 24. Rd4 Rc8+ 25.
Kb3 Rh5 26. h4 Rf5 27. Ka4 g6 28. Kb5 Re5 29. Red3 Rc6 30. a4 Rb6+ 31. Ka5
Rf5 32. b5 Re5 33. Kb4 Rf5 34. a5 Rb7 35. Rc4 Kd7 36. Rc5 Kd6 37. Rc6+ Kd7
38. Rd4 Rxf3 39. Rxd5+ Ke7 40. a6 Rd7 41. Rxd7+ Kxd7 42. b6 Rf4+ 43. Rc4
Rf6 44. b7 Rxa6 45. b8=N+ 1-0

[Event "24th Open"]
[Site "Pula CRO"]
[Date "2010.06.22"]
[Round "5"]
[White "Markoja,S"]
[Black "Cop,T"]
[Result "0-1"]
[WhiteElo "1892"]
[BlackElo "2254"]
[EventDate "2010.06.19"]

1. e4 c6 2. d4 d5 3. e5 Bf5 4. c4 e6 5. Nc3 Ne7 6. a3 Bg6 7. c5 f6 8. f4
fxe5 9. fxe5 Nf5 10. g3 b6 11. b4 a5 12. Bb2 Ne3 13. Qc1 Nc2+ 14. Kf2 Nxd4
15. Na4 Nb3 16. Qd1 Nxa1 17. Nxb6 Ra7 18. Bxa1 axb4 19. axb4 Nd7 20. Nxd7
Qxd7 21. Bc3 Be4 22. Nf3 Ra3 23. Qc1 Ra2+ 24. Bd2 Be7 25. Be2 O-O 26. h4 d4
27. Rf1 d3 28. Bd1 Rc2 29. Bxc2 Rxf3+ 30. Ke1 Rxf1+ 31. Kxf1 dxc2 0-1

[Event "24th Open"]
[Site "Pula CRO"]
[Date "2010.06.22"]
[Round "5"]
[White "Nemeth,Ge"]
[Black "Praznik,A"]
[Result "1-0"]
[WhiteElo "1835"]
[BlackElo "2237"]
[EventDate "2010.06.19"]

1. e4 d6 2. d4 Nf6 3. Nc3 g6 4. f4 Bg7 5. Nf3 O-O 6. Bd3 Na6 7. O-O c5 8.
d5 Rb8 9. Qe1 Nb4 10. Qe2 e6 11. dxe6 fxe6 12. Bc4 Kh8 13. a3 Nc6 14. e5
dxe5 15. fxe5 Ng4 16. Bg5 Qc7 17. Nb5 Qb6 18. h3 a6 19. Nd6 Nh6 20. Bxh6
Bxh6 21. Ng5 Nd4 22. Rxf8+ Bxf8 23. Qf2 Bg7 24. Qf7 Qd8 25. Ne8 Qd7 26.
Qxd7 Bxd7 27. Nxg7 Kxg7 28. Rf1 Rf8 29. Rxf8 Kxf8 30. c3 Nc6 31. Bxe6 Nxe5
32. Bxd7 Nxd7 33. Nxh7+ Ke7 34. Kf2 Ne5 35. Ke3 Nc4+ 36. Ke4 Kd6 37. h4
Nxb2 38. Nf8 Nc4 39. a4 b5 40. axb5 axb5 41. Nxg6 Ke6 42. Nf4+ Kd6 43. h5
Ne5 44. Nd3 Ng4 45. Kf5 Ne3+ 1-0

[Event "24th Open"]
[Site "Pula CRO"]
[Date "2010.06.23"]
[Round "6"]
[White "Kovacevic,A"]
[Black "Predojevic,B"]
[Result "1/2-1/2"]
[WhiteElo "2573"]
[BlackElo "2628"]
[EventDate "2010.06.19"]

1. e4 c6 2. Nc3 d5 3. Nf3 Bg4 4. h3 Bxf3 5. Qxf3 e6 6. Be2 Nd7 7. d4 dxe4
8. Nxe4 Ngf6 9. Nxf6+ Nxf6 10. Qb3 Qc7 11. O-O Be7 12. Bf3 O-O 13. c4 a5
14. Qa4 Rfd8 15. Rd1 e5 16. Be3 exd4 17. Rxd4 Rxd4 18. Bxd4 Nd7 19. Qc2 Bc5
20. Bc3 Bb4 21. Bd4 Bc5 22. Bc3 Bb4 23. Bd4 1/2-1/2

[Event "24th Open"]
[Site "Pula CRO"]
[Date "2010.06.23"]
[Round "6"]
[White "Fercec,N"]
[Black "Saric,Iv"]
[Result "1-0"]
[WhiteElo "2492"]
[BlackElo "2580"]
[EventDate "2010.06.19"]

1. e4 g6 2. d4 Bg7 3. Nc3 c6 4. f4 d5 5. e5 h5 6. Be3 Nh6 7. Qd2 b5 8. Nf3
Bg4 9. Nh4 Nf5 10. Bf2 Nxh4 11. Bxh4 Nd7 12. h3 Be6 13. Bd3 Qb6 14. Qf2 a6
15. Ne2 c5 16. c3 Bf5 17. Bxf5 gxf5 18. Qf3 e6 19. g4 hxg4 20. hxg4 fxg4
21. Qxg4 Bf8 22. Kf2 b4 23. Bg5 Rxh1 24. Rxh1 bxc3 25. Rh7 cxb2 26. Qh5
Nxe5 27. fxe5 Ra7 28. Rh8 b1=Q 29. Rxf8+ Kd7 30. Qxf7+ Kc6 31. Qe8+ Rd7 32.
Rf7 Kb5 33. Qxd7+ Kc4 34. Qa4+ Q6b4 35. Qxa6+ Qb5 36. Qxe6 Qa5 37. Bc1 Qbb4
38. Qg4 Qe1+ 39. Kg2 Qab4 40. Rc7 Qb8 41. dxc5+ Kb5 42. Nd4+ Ka6 43. Qg6+
Ka5 44. Nc6+ 1-0

[Event "24th Open"]
[Site "Pula CRO"]
[Date "2010.06.23"]
[Round "6"]
[White "Saric,A"]
[Black "Kuljasevic,D"]
[Result "1/2-1/2"]
[WhiteElo "2489"]
[BlackElo "2539"]
[EventDate "2010.06.19"]

1. d4 d5 2. Nf3 Nf6 3. c4 c6 4. e3 Bg4 5. h3 Bxf3 6. Qxf3 e6 7. Bd3 Nbd7 8.
O-O Bd6 9. Nd2 O-O 10. e4 dxe4 11. Nxe4 Nxe4 12. Bxe4 Nf6 13. Bc2 Qa5 14.
Rd1 Rfd8 15. Bd2 Bb4 16. Be3 Rd7 17. a3 Be7 18. b4 Qc7 19. Bf4 Bd6 20. Bg5
Be7 21. Bf4 1/2-1/2

[Event "24th Open"]
[Site "Pula CRO"]
[Date "2010.06.23"]
[Round "6"]
[White "Zelcic,R"]
[Black "Sklyarov,D"]
[Result "1-0"]
[WhiteElo "2538"]
[BlackElo "2373"]
[EventDate "2010.06.19"]

1. e4 e5 2. Nf3 Nc6 3. Bb5 f5 4. d3 fxe4 5. dxe4 Nf6 6. O-O d6 7. Nc3 Be7
8. Qd3 a6 9. Bxc6+ bxc6 10. Qc4 d5 11. Qxc6+ Bd7 12. Qb7 Rb8 13. Qxa6 d4
14. Nd5 Nxd5 15. exd5 Bb5 16. Qe6 Rb6 17. Qxe5 Bxf1 18. Bg5 Kf7 19. Rxf1
Re8 20. h4 Bxg5 21. Nxg5+ Kg8 22. Qf5 Rh6 23. Qf7+ Kh8 24. Qf3 Kg8 25. d6
Rxd6 26. Qf7+ Kh8 27. Qh5 Rh6 28. Nf7+ Kg8 29. Nxh6+ gxh6 30. Qxh6 Re4 31.
g3 Re2 32. Qh5 1-0

[Event "24th Open"]
[Site "Pula CRO"]
[Date "2010.06.23"]
[Round "6"]
[White "Fodor,T jr"]
[Black "Jovanic,O"]
[Result "0-1"]
[WhiteElo "2420"]
[BlackElo "2530"]
[EventDate "2010.06.19"]

1. d4 d5 2. c4 c6 3. Nc3 Nf6 4. e3 a6 5. Nf3 b5 6. c5 Nbd7 7. a3 a5 8. Bd3
g6 9. O-O Bg7 10. e4 dxe4 11. Nxe4 O-O 12. Nc3 Re8 13. Re1 Qc7 14. g3 Qb7
15. Bg5 b4 16. axb4 axb4 17. Rxa8 Qxa8 18. Ne4 Ba6 19. Bxa6 Qxa6 20. Qb3
Qb5 21. Bxf6 Nxf6 22. Nxf6+ Bxf6 23. Ra1 Rd8 24. Ra7 Qe2 25. Ne5 Bxe5 26.
Rxe7 Qe1+ 27. Kg2 Qe4+ 28. Kf1 Rd5 29. Rxe5 Qh1+ 30. Ke2 Rxd4 31. h4 h5 32.
Qc2 Kg7 33. b3 Qa1 34. Kf3 Rd8 35. Re4 Qh1+ 36. Kf4 Rd5 37. Re5 Rxe5 38.
Kxe5 Qd5+ 39. Kf4 Qd4+ 40. Kf3 Kf6 41. Kg2 Ke5 42. Qc1 f6 43. Kg1 Kd5 44.
Qc2 f5 45. Qc1 Qxc5 46. Qh6 Qd6 47. Qg7 Ke4 48. Qf7 Kd3 49. Qc4+ Kd2 50.
Kh2 c5 51. Kg1 Qe5 52. Qf7 Qe1+ 53. Kg2 Qe4+ 54. Kg1 Qb1+ 55. Kg2 Qe4+ 56.
Kg1 Kc2 57. Qxg6 Kxb3 58. Qxh5 Kc2 0-1